|
|
|
|
| LEADER |
00000nam a22000007a 4500 |
| 005 |
20210108222645.0 |
| 007 |
cr|||| |||| |
| 008 |
210108c19989999ie n|w s|||| 0|||b1eng d |
| 022 |
|
|
|a 1393-5941
|
| 035 |
|
|
|a 32465
|
| 040 |
|
|
|a vLex
|
| 090 |
|
|
|c 11065
|d 11065
|
| 245 |
1 |
2 |
|a Trinity College Law Review
|h [Recurso electrn̤ico] /
|
| 256 |
|
|
|a Servicio en ln̕ea
|
| 260 |
|
|
|a Dubln̕:
|b Dublin University Law Society,
|c 1998 -
|
| 300 |
|
|
|a 1 recurso electrn̤ico
|
| 310 |
|
|
|a Irregular
|
| 362 |
|
|
|a Nð 1-1998 (Ene. 1998) -
|
| 506 |
1 |
|
|a Disponible solo en los productos indicados
|d vLex Global
|d vLex Global (Academic Edition, excluding Law Schools)
|d vLex Global (U.S. Academic Edition, Law Schools)
|d vLex Global (U.S. Academic Edition, excluding Law Schools)
|d vLex Global (Academic Edition, Law Schools)
|
| 650 |
0 |
4 |
|a Derecho Laboral y Seguridad Social
|z Irlanda
|
| 650 |
0 |
4 |
|a Derecho Pb︢lico y Administrativo
|z Irlanda
|
| 650 |
0 |
4 |
|a Derecho Constitucional
|z Irlanda
|
| 740 |
0 |
|
|a vLex Revistas (Servicio en ln̕ea)
|
| 856 |
4 |
0 |
|u http://vlex.com/source/trinity-college-law-review-32465
|z Acceso restringido
|
| 942 |
|
|
|c REV
|
| 999 |
0 |
|
|a Labor Law and Social Security
|
| 999 |
0 |
|
|a Public and Administrative Law
|
| 999 |
0 |
|
|a Constitutional Law
|